| 000 | 00583nam a2200193 a 4500 | ||
|---|---|---|---|
| 005 | 20230601063650.0 | ||
| 008 | 991125s1994 mx 000 0 spa u | ||
| 020 | _a9686873619 | ||
| 035 | _aUPN01000052194 | ||
| 049 | _aCG | ||
| 050 | 4 |
_aF1232 _bL4.7 1994 |
|
| 100 | 1 |
_aLemoine Villicaña, Ernesto, _d1927-1993 _938831 |
|
| 245 | 1 | 3 |
_aLa revolución de independencia 1808-1821 / _cErnesto Lemoine Villicaña. |
| 250 | _a2a ed. | ||
| 260 |
_aMéxico : _bPGR, _c1994. |
||
| 300 | _a264 p. | ||
| 651 | 4 |
_aMéxico _xHistoria _yGuerra de Independencia, 1810-1821 _915381 |
|
| 905 | _aLibro | ||
| 999 |
_c52194 _d52194 |
||